| 000 | 01379nam a2200241Ia 4500 | ||
|---|---|---|---|
| 005 | 20260511143046.0 | ||
| 008 | 260511s9999 xx 000 0 und d | ||
| 020 | _a978-958-9009-86-4. | ||
| 041 | _aSpa. | ||
| 100 | _aFals Borda, Orlando. | ||
| 245 | 0 | _aCiencia, compromiso y transformación . | |
| 260 | _aBogotá D.C.. | ||
| 260 | _bEditorial Universidad INCCA. | ||
| 260 | _c2026. | ||
| 300 | _a220 páginas. | ||
| 505 | _aLas metodologías de la Investigación Participativa una construcción permanente, La dimensión ético–política de la Investigación–Acción Participativa (IAP). A propósito de la propuesta de Orlando Fals Borda, Intersecciones epistémicas: encuentros y desencuentros entre la propuesta epistémico- política de Orlando Fals Borda y la complejidad, Orlando Fals Borda y Carlos Rodrigues Brandão: un diálogo permanente entre la investigación participativa y la educación popular. Una lectura militante desde sus aportes y perspectivas pedagógicas, Lo Popular en la obra de Orlando Fals Borda, “Uno siembra la semilla, pero ella tiene su propia dinámica”: Entrevista a Orlando Fals Borda. | ||
| 700 | _aAponte Rivera, Adriana. | ||
| 700 | _aCendales González, Lola. | ||
| 856 | _qaplicación/ PDF. | ||
| 856 | _s2,12 MB . | ||
| 856 | _uhttps://online.fliphtml5.com/bcebg/Fals-Borda-Final/. | ||
| 942 |
_c LIBRO _2 ddc |
||
| 999 |
_c205454 _d205454 |
||